U.S. States by Emojis - Statistics

General Stats
  • This quiz has been taken 45 times
  • The average score is 16 of 20
Answer Stats
Hint Answer % Correct
๐Ÿœ๏ธโ˜€๏ธ๐ŸŒต๐Ÿฆโ€๐Ÿ”ฅ Arizona
98%
๐ŸŽฌ๐ŸŒ…โญ๏ธ๐Ÿ„ California
98%
๐ŸŠ๐ŸŠ๐Ÿ–๏ธโ˜€๏ธ Florida
98%
๐Ÿ•๐Ÿš•๐Ÿฅฏ๐Ÿ—ฝ New York
98%
๐Ÿค ๐Ÿด๐Ÿˆ๐ŸŽธ Texas
98%
๐Ÿ๏ธ๐ŸŒ‹๐ŸŒบ๐Ÿฅฅ Hawaii
95%
๐Ÿ‡ฒ๐Ÿ‡ฝ๐ŸŽจ๐ŸŒต๐ŸŽˆ New Mexico
95%
โ„๏ธ๐Ÿชถ๐Ÿปโ€โ„๏ธ๐ŸŽฃ Alaska
93%
๐ŸŽบ๐ŸŠ๐Ÿฅ˜๐ŸŽญ Louisiana
85%
๐ŸŒต๐Ÿƒ๐Ÿ‘ฝ๐ŸŽฐ Nevada
85%
๐Ÿง€๐Ÿฆก๐Ÿบ๐Ÿ„ Wisconsin
80%
๐ŸŒฒโ›„๏ธโ›ท๏ธ๐Ÿ”๏ธ Colorado
75%
๐Ÿฆ…๐ŸฅŠ๐Ÿ””๐Ÿซ Pennsylvania
75%
๐Ÿ—๐Ÿ‡โ›๏ธ๐Ÿ” Kentucky
70%
๐Ÿ“–โœ๏ธโ›ช๏ธ๐Ÿ Utah
70%
๐Ÿ‘จโ€๐ŸŒพ๐ŸŒฝ๐Ÿท๐Ÿซ˜ Iowa
60%
๐Ÿป๐Ÿ”๏ธ๐ŸŒฒโ›บ๏ธ Montana
60%
๐Ÿ›๏ธ๐ŸŽ๐Ÿ’ธ๐Ÿชก Washington
55%
๐Ÿง™โ€โ™€๏ธ๐Ÿ”ฎ๐Ÿฆƒ๐Ÿงน Massachusetts
45%
๐Ÿ’Ž๐ŸŒฒ๐Ÿชจ๐ŸŒพ Arkansas
28%
No matching quizzes found
Score Distribution
Percent of People with Each Score
Percentile by Number Answered
Your Score History
You have not taken this quiz